000 00256nam a22001217a 4500
082 _a823
_bAND/S
100 _aANDERSON
245 _aTHE STEAD FAST SOLDIER
260 _aDELHI
_bTINY TOT
_c1995
300 _a7
650 _aENGLISH STORY
_zINDIA
942 _cBK
999 _c7459
_d7459